| 000 | 00771pam a2200301 i 4500 | ||
|---|---|---|---|
| 999 |
_c9711 _d9711 |
||
| 001 | 9711 | ||
| 003 | BD-JhCC | ||
| 005 | 20180322174254.0 | ||
| 008 | 180322s1980 nyua b 001 0 eng | ||
| 020 | _a0471049360 | ||
| 035 | _a(BD-JhCC)9711 | ||
| 040 |
_aDLC _cDLC _dDLC _dBD-JhCC |
||
| 041 | _aeng | ||
| 050 | 0 | 0 |
_aRA776 _b.F24 1980 |
| 060 | _aQT180.3 F249y | ||
| 082 | 0 | 0 |
_a613 _bFAS 1980 |
| 100 | 1 | _aFassbender, William V. | |
| 245 | 1 | 0 |
_aYou and your health / _cWilliam Fassbender. |
| 250 | _a2d ed. | ||
| 260 |
_aNew York : _bWiley, _cc1980. |
||
| 300 |
_axvi, 475 p. : _bill. ; _c24 cm. |
||
| 504 | _aIncludes bibliographies and index. | ||
| 650 | 0 | _aHealth. | |
| 650 | 2 | _aHealth education. | |
| 650 | 2 | _aHygiene. | |
| 942 |
_2ddc _cBK |
||